Čo by mal vedieť podnikateľ o financiách

Na minha lista:
Detalhes bibliográficos
Autor principal: Vlachynský, Karol
Formato: Livro
Idioma:eslovaco
Publicado em: Bratislava Fitr 1993
Edição:1. vyd.
Assuntos:
Tags: Adicionar Tag
Sem tags, seja o primeiro a adicionar uma tag!

MARC

LEADER 00000nam a2200000 4500
001 c002512
005 20221214081911.0
041 0 |a slo 
044 |a SK 
245 1 0 |a Čo by mal vedieť podnikateľ o financiách  |c Karol Vlachynský a kol. 
250 |a 1. vyd. 
264 1 |a Bratislava  |b Fitr  |c 1993 
300 |a 96 s. 
610 2 0 |a podnikatelia 
610 2 0 |a financie 
610 2 0 |a rozhodovanie 
610 2 0 |a financie podnikové 
610 2 0 |a ciele podnikové 
610 2 0 |a výkazy účtovné 
610 2 0 |a úver 
610 2 0 |a zdroje finančné 
610 2 0 |a zisk podnikový 
610 2 0 |a likvidita 
610 2 0 |a cash flow 
610 2 0 |a pohyb kapitálu 
610 2 0 |a odpisy 
610 2 0 |a rentabilita 
610 2 0 |a investície 
610 2 0 |a oceňovanie ekonomické 
610 2 0 |a výnosy podnikové 
610 2 0 |a hospodárenie podnikové 
100 1 |a Vlachynský, Karol